000 00287nam a22001337a 4500
008 180111b xxu||||| |||| 00| 0 eng d
020 _a9780138146825
041 _aeng
080 _a371
100 _a46
101 _aEDU
245 _aWorld Cultures
_cPRENTICE HALL
942 _2udc
_cBK
999 _c40114
_d40114